Problemas sociales de los aruacos: tierras gobierno misiones

Saved in:
Bibliografiske detaljer
Hovedforfatter: Friede, Juan (Author)
Format: Bog
Sprog:spansk
Udgivet: Bogotá Universidad Nacional de Colombia 1963
Serier:Monografías sociológicas, 16
Fag:
Tags: Tilføj Tag
Ingen Tags, Vær først til at tagge denne postø!

MARC

LEADER 00000nam a2200000 a 4500
001 UCO2675
003 CL-VaPUC
008 000608e19630000CK |||||||||||||||||spa|d
082 0 4 |a 986.1004  |b FRI  |2 21 
100 0 |a Friede, Juan  |e author  |9 446191 
245 1 0 |a Problemas sociales de los aruacos: tierras gobierno misiones 
300 |a 106 p 
942 |c BK 
945 |d 20000608 00:00:00  |a crobeson 
260 |a Bogotá  |b Universidad Nacional de Colombia  |c 1963 
650 7 |a HISTORIA COLOMBIANA  |2 CL-VaPUC  |9 394918 
650 0 |a Pueblos indígenas   |9 357564 
650 0 |a Problemas sociales  |9 258537 
650 7 |a ENTOLOGIA  |2 CL-VaPUC  |9 446192 
651 0 |a Colombia  |9 256424 
583 |a last modification  |c 20000608 00:00:00  |k Rodrigo Vera 
490 0 |a Monografías sociológicas, 16 
999 |c 289175  |d 289173 
952 |0 0  |1 0  |4 0  |6 986_100400000000000_FRI_1963  |7 0  |8 A  |9 337395  |a BIBHIS  |b BIBHIS  |d 2019-11-20  |i 1294105  |o 986.1004 FRI 1963  |p 1294105  |r 2025-01-20  |w 2019-11-20  |y BK  |k HIS